Chaîne de mots - Sciences - Statistiques

Statistiques générales
  • Ce quiz a été pris 39 134 fois
  • Le résultat moyen est 15 sur 24
Statistiques - réponses
Indice Réponse % Correct
La "planète rouge" Mars
99%
Os le plus long du corps humain Fémur
89%
Élément ayant pour symbole "Al" Aluminium
86%
Particule chargée d'électricité négative Électron
85%
Il transmet les informations du corps vers le cerveau Nerf
82%
Roche en fusion située en profondeur Magma
79%
Élément le plus répandu dans l'atmosphère Azote
78%
Le O de OGM Organisme
77%
Échelle mesurant la force d'un séisme Richter
73%
Rayonnement "UV" Ultraviolet
72%
Explosion d'une étoile massive Supernova
69%
Unité de résistance électrique Ohm
63%
Animal étudié par l'ornithologue Oiseau
58%
Facteur de groupe sanguin Rhésus
58%
Lettre grecque qui représente l'écart type Sigma
57%
Quand le jour et la nuit ont la même durée Équinoxe
52%
Passage de l'état liquide à gazeux Vaporisation
47%
Auteur du tableau périodique des éléments Mendeleïev
46%
Son nombre permet de connaître le nombre d'éléments dans une mole Avogadro
44%
Préfixe désignant le nez Rhino
37%
Instrument optique à miroir concave Téléscope
36%
Maximum ou minimum d'une fonction Extremum
28%
Accompagne le marteau et l'enclume Étrier
27%
Particule élémentaire neutre de faible masse Neutrino
18%
Aucun quiz correspondant
Distribution des résultats
% des personnes avec chaque résultat
Percentile par nombre de réponses
Votre historique - résultats
Vous n’avez pas pris ce quiz